Změny ve vývoji a struktuře veřejného zadlužení zemí EU ve třetím tisíciletí

Popis vývoja verejného zadĺženia krajín EÚ a posúdenie, či sa jedná o dlhodobý trend, resp. len o momentálne zmeny.

Saved in:
Bibliographic Details
Main Author: Střecha, Michal
Format: Book Chapter
Language:Czech
Subjects:
Tags: Add Tag
No Tags, Be the first to tag this record!

MARC

LEADER 00000naa a2200000 4500
001 0211479
005 20220713131408.4
041 0 |a cze 
044 |a CZ 
245 1 0 |a Změny ve vývoji a struktuře veřejného zadlužení zemí EU ve třetím tisíciletí  |c Michal Střecha 
520 |a Popis vývoja verejného zadĺženia krajín EÚ a posúdenie, či sa jedná o dlhodobý trend, resp. len o momentálne zmeny. 
610 2 0 |a Európska únia 
610 2 0 |a zadlženosť 
610 2 0 |a zadlženosť vnútorná 
610 2 0 |a zadlženosť zahraničná 
610 2 0 |a dlhy verejné 
610 2 0 |a dlhopisy 
610 2 0 |a kríza finančná 
610 2 0 |a nerovnováha hospodárska 
610 2 0 |a politika fiškálna 
100 1 |a Střecha, Michal